Reflections on Management of drainage Basins in Africa (Record no. 3566)
[ view plain ]
| 000 -LEADER | |
|---|---|
| fixed length control field | 00459nam a22001217a 4500 |
| 008 - FIXED-LENGTH DATA ELEMENTS--GENERAL INFORMATION | |
| fixed length control field | 230704b xxu||||| |||| 00| 0 eng d |
| 082 ## - DEWEY DECIMAL CLASSIFICATION NUMBER | |
| Classification number | 338.967 |
| Item number | OKI |
| 100 ## - MAIN ENTRY--PERSONAL NAME | |
| Titles and words associated with a name | C.O Okidi |
| 245 ## - TITLE STATEMENT | |
| Title | Reflections on Management of drainage Basins in Africa |
| Remainder of title | Proceedings of a workshop on development and the Environment in the management of international drainage Basins in Africa |
| 260 ## - PUBLICATION, DISTRIBUTION, ETC. (IMPRINT) | |
| Place of publication, distribution, etc. | nairobi, kenya |
| Name of publisher, distributor, etc. | institute for development |
| 300 ## - PHYSICAL DESCRIPTION | |
| Extent | 354p |
| 942 ## - ADDED ENTRY ELEMENTS (KOHA) | |
| Source of classification or shelving scheme | Dewey Decimal Classification |
| Koha item type | Books |
| Withdrawn status | Lost status | Source of classification or shelving scheme | Damaged status | Not for loan | Home library | Current library | Date acquired | Total Checkouts | Full call number | Barcode | Date last seen | Price effective from | Koha item type |
|---|---|---|---|---|---|---|---|---|---|---|---|---|---|
| Dewey Decimal Classification | County Hall Archives | County Hall Archives | 07/04/2023 | 338.967 OKI | 10002621 | 07/04/2023 | 07/04/2023 | Books |
